Table tennis
| Main Author: | |
|---|---|
| Format: | Book |
| Published: |
England :
EP Group ,
1973
|
| Series: | EP sport series
|
| Subjects: |
MARC
| LEADER | 00000cam a2200000 7i4500 | ||
|---|---|---|---|
| 001 | 0000002563 | ||
| 005 | 20050422.0 | ||
| 020 | |a 0715804391 | ||
| 040 | |a INS | ||
| 090 | 0 | 0 | |a GV1005 |b S44 1973 |
| 100 | 1 | |a Sklorz, Martin | |
| 245 | 1 | 0 | |a Table tennis |c Martin Sklorz |
| 260 | |a England : |b EP Group , |c 1973 | ||
| 300 | |a 118p. : |b ill ; |c 20 cm. | ||
| 440 | 0 | |a EP sport series | |
| 650 | 0 | 0 | |a Game theory |
| 650 | 0 | 0 | |a Sport |
| 999 | |a 0000000803 |b BOOK |c Open Shelf |e Default branch | ||